00617pab a2200193 454500008004000000100001700040245010000057260000900157300001500166362000800181650001200189650001900201650001800220700001700238773003300255909001100288999001900299952010500318180718b2015 xxu||||| |||| 00| 0 eng d aBrady, David aParadoxes of social policy: welfare transfers, relative poverty, and redistribution preferences c2015 ap.268-298. aApr aPoverty aSocial welfare aSocial policy aBostic, Amie aAmerican Sociological Review a108457 c108452d108452 00104070aIIPAbIIPAd2018-07-19hVolume no: 80, Issue no: 2pAR108917r2018-07-19w2018-07-19yAR